000 01157cab a2200277 4500
001 WB3411-57
008 090401t1998 xxu||||| |||| 00| 0 eng d
035 _a(Sirsi) u85035
041 _aeng
245 _aLimitation period
260 _c1998
350 _a0
490 _aEstates Gazette
_v[1998] EGCS 37 (14/03/1998)
520 _a"Brophy and another v Dunphys" CA 2 March 1998. B claimed D had carried out a negligent valuation on their home and sought damages. B filled in an N2 form at the County Court to start proceedings and D denied the reasons given for the claim, stating it was too general. Hearing adjourned to give B an opportunity to prepare their case against an application to strike out. D`s application to strike out the claim was dismissed and they appealed. Appeal dismissed.
650 _aBROPHY AND ANOTHER V DUNPHYS
650 _aLIMITATION ACT 1980
650 _aLIMITATION PERIOD
650 _aMORTGAGE VALUATION
650 _aNEGLIGENCE
650 _aNEGLIGENT VALUATION
650 _aSTRIKE OUT
650 _aSURVEYORS
690 _aPROPERTY LAW AND PRACTICE-CASE LAW
942 _n0
948 _c18/03/1998
999 _c53457
_d53457